000 00814cam a2200217 4500
008 090401t1988 xxu||||| |||| 00| 0 eng d
020 _a0198584059
035 _a(Sirsi) u31911
041 _aeng
050 _a333.70285
_c18
100 _aDale, Peter F.
245 _aLand information management
_ban introduction with special reference to cadastral problems in third world countries
260 _aOxford
_bClarendon Press
_c1988
300 _axii, 266p.
_c24cm.
350 _a15
520 _aA practical handbook examining the different ypes of cadastral survey, surveying techniques, data handling, the economics of land information systems and other management issues.
690 _aENVIRONMENTAL AND LAND CONSULTANCY-GEOMATICS
700 _aMcLaughlin, John D.
942 _n0
948 _c04/03/1997
999 _c89645
_d89645